Islam in focus (Record no. 215321)
[ view plain ]
| 000 -LEADER | |
|---|---|
| fixed length control field | 00626 a2200157 4500 |
| 003 - CONTROL NUMBER IDENTIFIER | |
| control field | Nust |
| 005 - DATE AND TIME OF LATEST TRANSACTION | |
| control field | 20221226124802.0 |
| 040 ## - CATALOGING SOURCE | |
| Transcribing agency | Nust |
| 082 ## - DEWEY DECIMAL CLASSIFICATION NUMBER | |
| Classification number | 297.122, ABD |
| 100 ## - MAIN ENTRY--PERSONAL NAME | |
| Personal name | Abdalati,Hammudah |
| 9 (RLIN) | 105922 |
| 245 ## - TITLE STATEMENT | |
| Title | Islam in focus |
| Remainder of title | focus |
| Statement of responsibility, etc. | Hammudah Abdalati |
| 260 ## - PUBLICATION, DISTRIBUTION, ETC. | |
| Place of publication, distribution, etc. | Islamabad |
| Name of publisher, distributor, etc. | Dawah Academy |
| 300 ## - PHYSICAL DESCRIPTION | |
| Extent | xvi,211 p.; |
| 505 ## - FORMATTED CONTENTS NOTE | |
| Formatted contents note | Chapter- I, The ideological foundation of Islam (Page-1), Chapter-II, The basic concepts of Islam (Page-23), Chapter-III, The application of faith (Page-53), Chapter-IV, Application of Islam to daily life (Page-106), Chapter-V, Distortions about Islam (Page-141). |
| 942 ## - ADDED ENTRY ELEMENTS (KOHA) | |
| Source of classification or shelving scheme | |
| Koha item type | Book |
| Withdrawn status | Lost status | Source of classification or shelving scheme | Damaged status | Not for loan | Permanent Location | Current Location | Shelving location | Date acquired | Total Checkouts | Full call number | Barcode | Date last seen | Date last checked out | Price effective from | Koha item type | Public note |
|---|---|---|---|---|---|---|---|---|---|---|---|---|---|---|---|---|
| Military College of Signals (MCS) | Military College of Signals (MCS) | General Stacks | 12/12/2016 | 1 | 297.122,ABD | MCS1325 | 03/13/2023 | 02/24/2023 | 12/12/2016 | Book | Almirah Fresh No.47, Shelf No.2 |
